Quiz sur le trotskysme - Statistiques

Statistiques générales
  • Ce quiz a été pris 53 fois
  • Le résultat moyen est 8 sur 16
Statistiques - réponses
Hint Réponse % Correct
Autobiographie de Trotsky Ma vie
89%
Date de création de l'oppositon de gauche 1923
83%
Soviet dirigé par Trotsky en 1917 Pétrograd
80%
Pays de fondation de la Quatrième internationale France
78%
Théorie phare du trotskysme Révolution permanente
76%
Stratégie prônée par Trotsky contre les fronts populaires Front unique
63%
Assassin de Trotsky Ramon Mercader
59%
Nom complet de Trotsky Lev Davidovitch Bronstein
57%
Qu'est-ce qui tue le ski? Trop de ski
57%
Elevage de quoi au Mexique? Poules
39%
Plat préféré de Trotsky qu'il a mangé avant sa mort au Mexique Tacos
28%
Fonction occupée par Trotsky pendant la guerre civile Dirigeant de l'armée rouge
24%
Trotskyste le plus gourmand de France Alain
22%
Militant fondateur du futur parti Lutte ouvrière David Korner
20%
Parti avec lequel Trotsky polémique en Espagne en 1936 Podemos
20%
Principal opposant de Trotsky Paysannerie
15%
Aucun quiz correspondant
Distribution des résultats
% des personnes avec chaque résultat
Percentile par nombre de réponses
Votre historique - résultats
Vous n’avez pas pris ce quiz